Công nghệ sản xuất malt và bia /

Tallennettuna:
Bibliografiset tiedot
Päätekijä: Hoàng Đình Hòa
Aineistotyyppi: Sách giấy
Kieli:Vietnamese
Julkaistu: Hà Nội : Khoa học và Kỹ thuật , 2000
Tagit: Lisää tagi
Ei tageja, Lisää ensimmäinen tagi!
Thư viện lưu trữ: Thư viện Trường Đại học Đà Lạt
LEADER 00581nam a2200241 4500
001 DLU020017940
005 ##5/7/2001
020 # # |a 978- 
041 # # |a vie 
082 # # |a 663.42  |b HO-H 
100 # # |a Hoàng Đình Hòa 
245 # # |a Công nghệ sản xuất malt và bia /  |c Hoàng Đình Hòa 
260 # # |a Hà Nội :  |b Khoa học và Kỹ thuật ,  |c 2000 
300 # # |a 520 tr.;   |c 21 cm. 
992 # # |a 37000 
994 # # |a DLU 
900 # # |a False 
911 # # |a Administrator 
925 # # |a G 
926 # # |a A 
927 # # |a SH 
980 # # |a Thư viện Trường Đại học Đà Lạt